00147 a2200073 450000100060000010000140000624500280002026000250004811051 aR. Akhtar aPakistan Year Book 1975 abEast & West Publc